000 01095cab a2200277 4500
001 ABS56023
008 090401t1996 xxu||||| |||| 00| 0 eng d
035 _a(Sirsi) u20483
041 _aeng
100 _aBridge, S.
245 _aPutting it right? The Law Commission and the condition of tenanted property
260 _c1996
350 _a0
490 _aThe Conveyancer
_v(60) September/October 1996, 342-351(5)
520 _aCritically summarises the proposals of the Law Commission report on the responsibilities of landlords and tenants for the state and condition of leasehold property: "Landlord and Tenant: responsibility for state and condition of property". Comments on the likelihood of the objectives being achieved.
650 _aCOVENANT TO REPAIR
650 _aFIT FOR HABITATION
650 _aLANDLORD AND TENANT ACT 1985 S8
650 _aBUILT ENVIRONMENT-BUILDING MAINTENANCE AND REFURBISHMENT
650 _aREPAIRS
650 _aUNFITNESS
690 _aBlock management
_96220
690 _aLANDLORD AND TENANT
_96252
942 _n0
948 _c04/03/1997
999 _c13724
_d13724